[Event "13th Moscow Open B w 2017"]
[Site "masterchessopen.com Moscow RUS"]
[Date "2017.01.31"]
[Round "4.4"]
[White "Vasilevich,I"]
[Black "Shuvalova,Polina"]
[Result "0-1"]
[WhiteElo "2285"]
[BlackElo "2387"]

1. e4 c6 2. d4 d5 3. exd5 cxd5 4. c4 Nf6 5. Nc3 e6 6. Nf3 Be7 7. Bg5 O-O 8.
Rc1 b6 9. cxd5 Nxd5 10. Bxe7 Qxe7 11. Bd3 Bb7 12. O-O Nd7 13. Nxd5 Bxd5 14.
Rc7 Qd6 15. Rc3 g6 16. Ba6 Rfd8 17. Qd2 {#R} 0-1

[Event "PRO League Eastern 2017"]
[Site "masterchessopen.com chess.com INT"]
[Date "2017.02.01"]
[Round "4"]
[White "Klein,Da"]
[Black "Miladinovic,I"]
[Result "0-1"]
[WhiteElo "2509"]
[BlackElo "2538"]

1. e4 c6 2. d4 d5 3. Nd2 dxe4 4. Nxe4 Nf6 5. Nxf6+ exf6 6. c3 Bf5 7. Bc4 Bd6
8. Ne2 O-O 9. O-O Nd7 10. Bf4 Nb6 11. Bb3 Re8 12. Bxd6 Qxd6 13. Ng3 Bg6 14.
Qd2 a5 15. a4 h5 16. Rfe1 h4 17. Nf1 h3 18. gxh3 Bf5 19. Rxe8+ Rxe8 20. Re1
Rxe1 21. Qxe1 Kf8 22. h4 Qf4 23. Ng3 Bh3 24. h5 Nd5 25. Bxd5 cxd5 26. Qe3 Qh4
27. f3 Bd7 28. b3 Be6 29. b4 b6 30. Kg2 Bh3+ 31. Kg1 Bd7 32. Qc1 Kg8 33. Kg2
axb4 34. cxb4 Qxd4 35. a5 Qxb4 36. h6 Qxa5 37. hxg7 Qa2+ 38. Kg1 Bh3 39. Qe1
Qg2# 0-1

[Event "PRO League Central 2017"]
[Site "masterchessopen.com chess.com INT"]
[Date "2017.02.01"]
[Round "4"]
[White "Van de Oudeweetering,A"]
[Black "Astaneh Lopez,A"]
[Result "0-1"]
[WhiteElo "2298"]
[BlackElo "2417"]

1. e4 c6 2. d4 d5 3. Nc3 dxe4 4. Nxe4 Nd7 5. Bc4 Ngf6 6. Nxf6+ Nxf6 7. c3 Qc7
8. Nf3 Bf5 9. O-O e6 10. Qe2 Bd6 11. Bg5 Nd5 12. Rad1 h6 13. Bd2 Bg4 14. h3
Bh5 15. Bb3 O-O-O 16. c4 Nf4 17. Bxf4 Bxf4 18. d5 Rhe8 19. Qd3 Kb8 20. Rfe1 e5
21. d6 Qa5 22. d7 Re6 23. c5 Bg6 24. Qe2 Re7 25. g3 Bg5 26. Nxg5 hxg5 27. Qe3
f6 28. f4 gxf4 29. gxf4 Qc7 30. fxe5 Rxe5 31. Qf2 Rg5+ 32. Kh1 Rh8 33. Be6 a6
34. Rd6 Ka7 35. b4 Qd8 36. a4 Bf7 37. Kh2 Bxe6 38. Rexe6 f5 39. b5 f4 40. bxc6
Rg3 41. Qf1 Qg5 42. Rg6 Qf5 43. Rxg3 fxg3+ 44. Kxg3 Qxf1 45. d8=Q Rxh3+ 46.
Kg4 Qf3+ 47. Kg5 Rh5+ 48. Kg6 Qf5+ 49. Kxg7 Rh7+ 50. Kg8 Qf7# 0-1

[Event "13th Moscow Open A 2017"]
[Site "masterchessopen.com Moscow RUS"]
[Date "2017.02.04"]
[Round "8.6"]
[White "Atabayev,M"]
[Black "Rozum,I"]
[Result "1-0"]
[WhiteElo "2492"]
[BlackElo "2601"]

1. e4 c6 2. d4 d5 3. Nc3 dxe4 4. Nxe4 Bf5 5. Ng3 Bg6 6. Nf3 Nd7 7. Bd3 e6 8.
O-O Ngf6 9. Bxg6 hxg6 10. Bf4 Nb6 11. Qe2 Bd6 12. Bxd6 Qxd6 13. c4 Qf4 14. b3
Nbd7 15. Qe3 Qxe3 16. fxe3 Ke7 17. h3 Nh5 18. Ne2 Nhf6 19. Ng3 Ne8 20. e4 c5
21. dxc5 Nxc5 22. Rad1 a5 23. e5 f5 24. Ne2 Nc7 25. Nf4 Rhd8 26. Nxg6+ Kf7 27.
Nf4 Ne4 28. h4 Na6 29. g4 g6 30. gxf5 gxf5 31. Ng5+ Nxg5 32. hxg5 Nb4 33. Kg2
Nc6 34. Rxd8 Rxd8 35. Rh1 Kg8 36. Rh6 Nxe5 37. Rxe6 Nf7 38. g6 Ng5 39. Re7
Rd2+ 40. Kg3 Rd1 41. Nh5 Rg1+ 42. Kf4 Kf8 43. Rxb7 {#r} 1-0

[Event "Gibraltar Masters 2017"]
[Site "masterchessopen.com Caleta ENG"]
[Date "2017.01.31"]
[Round "8.58"]
[White "Riff,JN"]
[Black "Piasetski,L"]
[Result "1-0"]
[WhiteElo "2468"]
[BlackElo "2327"]

1. e4 c6 2. d4 d5 3. Nc3 dxe4 4. Nxe4 Bf5 5. Ng3 Bg6 6. h4 h6 7. Nf3 Nd7 8. h5
Bh7 9. Bd3 Bxd3 10. Qxd3 e6 11. Bd2 Ngf6 12. O-O-O a5 13. Kb1 Bb4 14. c3 Be7
15. Qe2 Qb6 16. Rhe1 Qa6 17. c4 Bb4 18. Ne5 O-O 19. f4 c5 20. Ne4 cxd4 21.
Nxf6+ Nxf6 22. g4 Rfd8 23. g5 hxg5 24. fxg5 Nd7 25. h6 Bxd2 26. hxg7 Bxe1 27.
Qh5 Kxg7 28. Qh6+ Kg8 29. Rxe1 {#r} 1-0

[Event "PRO League Pacific 2017"]
[Site "masterchessopen.com chess.com INT"]
[Date "2017.02.01"]
[Round "4"]
[White "Xu,Grant Y"]
[Black "Nyzhnyk,I"]
[Result "0-1"]
[WhiteElo "2193"]
[BlackElo "2616"]

1. e4 c6 2. d4 d5 3. Nd2 dxe4 4. Nxe4 Bf5 5. Ng3 Bg6 6. h4 h6 7. Nf3 Nf6 8.
Ne5 Bh7 9. Bc4 e6 10. c3 Nbd7 11. Qe2 Nxe5 12. dxe5 Nd5 13. Bd2 a5 14. Qg4 Qc7
15. f4 Qb6 16. b3 Ne3 17. Bxe3 Qxe3+ 18. Ne2 O-O-O 19. Qg3 Qd2+ 20. Kf1 Bc5
21. Qe1 b5 22. b4 Qxe1+ 23. Kxe1 axb4 24. Bb3 bxc3 25. Nxc3 Bd4 26. Rc1 Be3
27. Rd1 Bxf4 28. Rf1 Bxe5 29. Rf3 Bf5 {#R} 0-1

[Event "Portugal Open 2017"]
[Site "masterchessopen.com Lisbon POR"]
[Date "2017.02.04"]
[Round "2.31"]
[White "Damia,A"]
[Black "Bebchuk,L"]
[Result "1-0"]
[WhiteElo "2293"]
[BlackElo "2028"]

1. e4 c5 2. a3 Nc6 3. b4 d6 4. b5 Nb8 5. c3 Nf6 6. f3 g6 7. d4 Nbd7 8. Be3 Bg7
9. Bd3 O-O 10. Ne2 b6 11. Nd2 Bb7 12. g4 cxd4 13. cxd4 Rc8 14. Nb3 e5 15. d5
Nc5 16. Nxc5 dxc5 17. Ng3 Ne8 18. h4 Nd6 19. a4 c4 20. Bc2 c3 21. Qc1 Nc4 22.
Bh6 Nd2 23. Bxd2 cxd2+ 24. Qxd2 Bf6 25. g5 Be7 26. Bb3 Bc5 27. Kf1 Qd6 28. h5
Rc7 29. Qh2 Bd4 30. Re1 Qa3 31. Bd1 Be3 32. d6 Rd7 33. Qh3 Qxd6 34. hxg6 fxg6
35. Bb3+ Kh8 36. Rxe3 Re7 37. Kf2 Bc8 38. Qh6 Rg7 39. Rd1 Qb4 40. Rdd3 Rc7 41.
Rc3 Rxc3 42. Rxc3 Rd8 43. Ne2 a6 44. Rc7 Bd7 45. Be6 Qd6 46. Rxd7 {#r} 1-0

[Event "PRO League Pacific 2017"]
[Site "masterchessopen.com chess.com INT"]
[Date "2017.02.01"]
[Round "4"]
[White "Aleskerov,F"]
[Black "Sheng,Joshua"]
[Result "1-0"]
[WhiteElo "2315"]
[BlackElo "2372"]

1. e4 c5 2. a3 e6 3. b4 cxb4 4. axb4 Bxb4 5. Bb2 Nf6 6. e5 Nd5 7. c4 Nc7 8.
Bd3 Nc6 9. Qg4 O-O 10. Nf3 Be7 11. h4 f5 12. exf6 Bxf6 13. Bxh7+ Kxh7 14. Ng5+
Kg8 15. Qh5 Re8 16. Qf7+ Kh8 17. h5 Qe7 18. Qg6 Bxg5 19. h6 Kg8 20. Bxg7 {#r}
1-0

[Event "Gibraltar Masters 2017"]
[Site "masterchessopen.com Caleta ENG"]
[Date "2017.01.31"]
[Round "8.60"]
[White "Loh,Zachary"]
[Black "Womacka,M"]
[Result "0-1"]
[WhiteElo "2291"]
[BlackElo "2435"]

1. e4 c5 2. d4 cxd4 3. c3 dxc3 4. Nxc3 Nc6 5. Bc4 d6 6. Nf3 a6 7. O-O Nf6 8.
Bf4 e6 9. Qe2 Nh5 10. Be3 Be7 11. Rfd1 Bd7 12. e5 dxe5 13. Na4 Nf4 14. Qd2 Nd5
15. Bxd5 exd5 16. Bb6 Qc8 17. Qxd5 Be6 18. Qe4 O-O 19. Rac1 Bf5 20. Qe3 Qe6
21. Bc5 Rad8 22. Re1 f6 23. b3 Nb4 24. Nh4 Nc2 25. Qg3 Nxe1 26. Bxe7 Qxe7 27.
Nxf5 Qd7 28. Qg4 g6 29. Nh6+ Kg7 30. Nc5 Qd2 31. Ne6+ Kh8 32. Qc4 Nd3 33. Nf7+
Rxf7 34. Nxd8 Nxc1 35. Nxf7+ Kg7 36. h3 Nxa2 37. Qe6 Nc3 38. Nd6 Ne2+ {#R} 0-1

[Event "Gibraltar Masters 2017"]
[Site "masterchessopen.com Caleta ENG"]
[Date "2017.01.31"]
[Round "8.84"]
[White "Gulamali,K"]
[Black "Gonzalez Gonzalez,A"]
[Result "1-0"]
[WhiteElo "2341"]
[BlackElo "2162"]

1. e4 c5 2. d4 cxd4 3. c3 dxc3 4. Nxc3 Nc6 5. Nf3 e6 6. Bc4 Bc5 7. O-O Nge7 8.
Bg5 f6 9. Bf4 Ng6 10. Bg3 a6 11. Rc1 Qe7 12. Na4 Ba7 13. Bd6 Qf7 14. Bb3 Nge7
15. Qd2 O-O 16. Rfd1 Kh8 17. Nc5 Bxc5 18. Rxc5 Re8 19. Ne1 b6 20. Rc3 Na5 21.
Bc2 Nec6 22. f4 b5 23. b3 Nb7 24. Bc7 e5 25. Nf3 Qe7 26. f5 b4 27. Rc4 a5 28.
Qd5 Ra6 29. Bd3 a4 30. Rcc1 Ra8 31. Bb5 axb3 32. axb3 Nb8 33. Nd2 Ra3 34. Ba4
Na6 35. Bb6 Nbc5 36. Bxc5 Nxc5 37. Qxc5 {#r} 1-0

[Event "PRO League Pacific 2017"]
[Site "masterchessopen.com chess.com INT"]
[Date "2017.02.01"]
[Round "4"]
[White "Xu,Grant Y"]
[Black "Robson,R"]
[Result "0-1"]
[WhiteElo "2193"]
[BlackElo "2675"]

1. e4 c5 2. d4 cxd4 3. c3 dxc3 4. Nxc3 Nc6 5. Nf3 d6 6. Bc4 a6 7. O-O Nf6 8.
Bf4 e6 9. Qe2 Nh5 10. Be3 Be7 11. Rfd1 Bd7 12. e5 dxe5 13. Ng5 Bxg5 14. Bxe6
Nf6 15. Bxd7+ Nxd7 16. Bxg5 Qxg5 17. Ne4 Qe7 18. Nd6+ Kf8 19. Nf5 Qe6 20. Qd3
g6 21. Qa3+ Kg8 22. Nd6 Nd4 23. Rd2 Kg7 24. Re1 Qd5 25. Ne4 Rhe8 26. Qh3 Qe6
27. Qh4 Nf5 28. Qh3 h6 29. Red1 Nd4 30. Qe3 Nf6 31. Nc3 Rad8 32. h3 Nd5 33.
Nxd5 Rxd5 34. f4 Nf5 35. Qc3 Rxd2 36. Rxd2 Rc8 37. Qxe5+ Qxe5 38. fxe5 Rc7 39.
g4 Ne7 40. Kf2 Nc6 41. Re2 Re7 {#R} 0-1

[Event "TCh-BEL 2016-17"]
[Site "masterchessopen.com Belgium BEL"]
[Date "2017.01.29"]
[Round "6.4"]
[White "Cappon,J"]
[Black "Piceu,T"]
[Result "0-1"]
[WhiteElo "2254"]
[BlackElo "2363"]

1. e4 c5 2. d4 cxd4 3. c3 dxc3 4. Nxc3 Nc6 5. Nf3 d6 6. Bc4 a6 7. O-O Nf6 8.
Bf4 e5 9. Ng5 exf4 10. Nxf7 Qe7 11. Nxh8 Ne5 12. Be2 g6 13. Qd2 Bg7 14. Qxf4
Bxh8 15. Qd2 Be6 16. Rad1 Rd8 17. f4 Nc6 18. Rfe1 Kf8 19. Bf3 Ng4 20. g3 Bd4+
21. Kf1 Bc4+ 22. Kg2 Nf2 23. Qxd4 Nxd4 24. Rxd4 Nd3 25. Rd1 b5 26. b3 Qa7 27.
R4xd3 Bxd3 28. Rxd3 Qc5 29. e5 d5 30. Bxd5 Rxd5 {#R} 0-1

[Event "Gibraltar Masters 2017"]
[Site "masterchessopen.com Caleta ENG"]
[Date "2017.01.31"]
[Round "8.45"]
[White "Paehtz,E"]
[Black "Arakhamia-Grant,K"]
[Result "0-1"]
[WhiteElo "2468"]
[BlackElo "2370"]

1. e4 c5 2. c3 d5 3. exd5 Qxd5 4. d4 Nf6 5. Nf3 e6 6. a3 Be7 7. Be3 cxd4 8.
cxd4 O-O 9. Nc3 Qd6 10. Bd3 Nc6 11. O-O Rd8 12. Qe2 Bd7 13. Rad1 Be8 14. Rfe1
Rac8 15. Bb1 a6 16. d5 exd5 17. Bb6 Rd7 18. Bf5 Bf8 19. Qd2 Ne7 20. Bxd7 Bxd7
21. Bd4 Bg4 22. Be5 Qb6 23. Qd4 Qxb2 24. Bxf6 Bxf3 25. gxf3 gxf6 26. Qg4+ Kh8
27. Rxe7 Qxc3 28. Rxf7 Qc2 29. Rxd5 Bh6 30. Rfd7 Rg8 31. Rd8 Bf8 32. Rxf8 Rxf8
33. Qd4 Rg8+ 34. Kf1 Qc1+ 35. Qd1 Qxa3 36. Rd8 Qe7 37. Rd7 Qe6 38. Qd3 Qh3+
39. Ke2 Re8+ 40. Kd1 Qxh2 41. Qd4 Qh1+ {#R} 0-1

[Event "Portugal Open 2017"]
[Site "masterchessopen.com Lisbon POR"]
[Date "2017.02.04"]
[Round "2.4"]
[White "Santos,JoseAl"]
[Black "Perunovic,Mil"]
[Result "1-0"]
[WhiteElo "2193"]
[BlackElo "2604"]

1. e4 c5 2. c3 Nf6 3. e5 Nd5 4. d4 cxd4 5. cxd4 d6 6. Nf3 Nc6 7. Bc4 dxe5 8.
dxe5 Ndb4 9. Qb3 e6 10. Bg5 Qd7 11. Bb5 a6 12. Be2 h6 13. Bd2 b5 14. O-O Bb7
15. a3 Nd5 16. Nc3 Na5 17. Qd1 Nc4 18. Nxd5 Bxd5 19. Bc3 Rc8 20. Qd4 Bc5 21.
Qg4 O-O 22. Rad1 Qc7 23. Rfe1 Rfd8 24. Qg3 Qb6 25. Rd3 a5 26. b4 Be7 27. bxa5
Nxa5 28. Rb1 Bc4 29. Rxd8+ Rxd8 30. Bxc4 Nxc4 31. a4 b4 32. Be1 Na3 33. Rb2
Qc6 34. Qf4 Qxa4 35. h3 Nc2 36. Kh2 Nxe1 37. Nxe1 Qa1 38. Re2 b3 39. Qc4 b2
{#r} 1-0

[Event "22nd HIT Open 2017"]
[Site "masterchessopen.com Nova Gorica SLO"]
[Date "2017.01.29"]
[Round "5.10"]
[White "Marn,Jan"]
[Black "Zuttioni,F"]
[Result "0-1"]
[WhiteElo "2022"]
[BlackElo "2203"]

1. e4 c5 2. c3 Nf6 3. e5 Nd5 4. d4 cxd4 5. Nf3 d6 6. cxd4 e6 7. Bc4 Nb6 8. Bb3
dxe5 9. dxe5 Qxd1+ 10. Bxd1 Bd7 11. O-O Nd5 12. Bd2 Bb5 13. Re1 Nc6 14. Nc3
Nxc3 15. Bxc3 Rd8 16. Bc2 Bc5 17. Ng5 Nd4 18. Bxd4 Bxd4 19. Rad1 Ke7 20. Re4
Bb6 21. Rf4 Rxd1+ 22. Bxd1 f5 23. Bb3 Bd7 24. g4 h6 25. Nf3 g5 26. Rb4 Rf8 27.
gxf5 Rxf5 28. Bd1 Bc6 29. Kg2 Rxe5 30. Kg3 Rd5 31. Be2 h5 32. h4 Rf5 33. a3
Bd5 34. Ra4 Bc5 35. Bd1 Kf6 36. Be2 b5 {#R} 0-1

[Event "22nd HIT Open 2017"]
[Site "masterchessopen.com Nova Gorica SLO"]
[Date "2017.02.02"]
[Round "9.9"]
[White "Stevanic,David"]
[Black "Tica,Sven"]
[Result "0-1"]
[WhiteElo "2013"]
[BlackElo "2352"]

1. e4 c5 2. c3 Nf6 3. e5 Nd5 4. d4 cxd4 5. Nf3 e6 6. cxd4 b6 7. Nc3 Nxc3 8.
bxc3 Qc7 9. Bd2 Bb7 10. Bd3 d6 11. O-O Nd7 12. Re1 dxe5 13. Nxe5 Nxe5 14. dxe5
O-O-O 15. Be4 Bxe4 16. Rxe4 Bc5 17. Qe2 Rd5 18. c4 Rd7 19. Be3 Bxe3 20. Rxe3
Rhd8 21. g3 Qc6 22. Qf3 Kb7 23. a4 Qxf3 24. Rxf3 Rc8 25. Rf4 Rc5 26. Re4 Rdc7
27. Rc1 Ka6 28. Kf1 Ka5 29. Ke2 Rd7 30. Rb1 Kxa4 31. Ke1 Ka5 32. Ke2 Ka6 33.
f4 Ra5 34. Rb2 Kb7 35. g4 Kc6 36. h4 Ra3 37. Rd2 Rxd2+ 38. Kxd2 Kc5 39. f5 Ra4
40. Kd3 b5 41. Rd4 Rxc4 42. Rd7 Rxg4 43. Rxf7 exf5 44. e6 Kd6 45. e7 Kd7 46.
Rxf5 a6 47. Re5 Ke8 48. h5 h6 49. Re6 Rg5 50. Rxa6 Kxe7 {#R} 0-1

[Event "Turkish Cup 2017"]
[Site "masterchessopen.com Antalya TUR"]
[Date "2017.02.03"]
[Round "10.12"]
[White "Yaver,Faik Emre"]
[Black "Samani,Yamac"]
[Result "1-0"]
[WhiteElo "2077"]
[BlackElo "2303"]

1. e4 c5 2. c3 d6 3. d4 Nf6 4. Bd3 g6 5. Nf3 Bg7 6. O-O O-O 7. h3 Qc7 8. Bf4
Nbd7 9. Qe2 e5 10. dxe5 dxe5 11. Bg5 Nh5 12. Nbd2 h6 13. Be3 Re8 14. Bc4 Nf4
15. Bxf4 exf4 16. Rfe1 Ne5 17. Nxe5 Bxe5 18. Bd5 Be6 19. Nf3 Rad8 20. Rad1 Bg7
21. Qc4 Bxd5 22. Rxd5 Rc8 23. e5 g5 24. Red1 Re7 25. a4 b6 26. Qe4 Rce8 27.
Qf5 Qc6 28. Rd6 Qxa4 29. Rd7 Qb3 30. R1d6 Rxd7 31. Qxd7 Rf8 32. h4 Qxb2 33.
hxg5 hxg5 34. Qf5 Re8 35. Nxg5 Qb1+ 36. Qxb1 {#r} 1-0

[Event "PRO League Central 2017"]
[Site "masterchessopen.com chess.com INT"]
[Date "2017.02.01"]
[Round "4"]
[White "Delaney,K"]
[Black "Zwirs,Nico"]
[Result "0-1"]
[WhiteElo "2230"]
[BlackElo "2395"]

1. e4 c5 2. c3 d5 3. exd5 Qxd5 4. d4 Nf6 5. Nf3 Bf5 6. Be3 Nc6 7. Nbd2 cxd4 8.
Bc4 dxe3 9. Bxd5 exd2+ 10. Qxd2 O-O-O 11. c4 e6 12. Qf4 Bd6 13. Qg5 Bb4+ 14.
Ke2 h6 15. Qxg7 Nh5 16. Qxf7 Nf4+ 17. Ke3 Nxg2+ 18. Ke2 Nf4+ 19. Ke3 Rhf8 20.
Qg7 exd5 {#R} 0-1

[Event "PRO League Eastern 2017"]
[Site "masterchessopen.com chess.com INT"]
[Date "2017.02.01"]
[Round "4"]
[White "Aradhya,Garg"]
[Black "Bigabylov"]
[Result "1-0"]
[WhiteElo "2230"]
[BlackElo "2216"]

1. e4 c5 2. Nf3 Nc6 3. c3 Nf6 4. e5 Nd5 5. d4 cxd4 6. Bc4 Nb6 7. Bb3 d5 8.
cxd4 Bg4 9. Be3 e6 10. O-O Be7 11. h3 Bh5 12. Nbd2 O-O 13. a3 Na5 14. Ba2 Nbc4
15. b4 Nxd2 16. Qxd2 Nc4 17. Qd3 b5 18. Bb1 Bg6 19. Qb3 a5 20. Rc1 Qd7 21.
Bxg6 fxg6 22. Ne1 Nxe3 23. fxe3 axb4 24. axb4 Rxa1 25. Rxa1 Qc6 26. Nd3 Qc4
27. Qxc4 bxc4 28. Nc5 Rb8 29. Rb1 Kf7 30. Kf2 Bxc5 31. dxc5 Ke7 32. b5 Kd7 33.
Ke2 Kc7 34. Kd2 Rf8 35. Kc3 Kb7 36. Ra1 Rf5 37. c6+ Kb6 38. Kb4 Rf2 39. Ra6+
Kc7 40. Kc5 c3 41. b6+ Kb8 42. c7+ {#r} 1-0

[Event "TCh-CAT Gp1 2017"]
[Site "masterchessopen.com Barcelona ESP"]
[Date "2017.01.28"]
[Round "2.8"]
[White "Garcia Castellote,D"]
[Black "Codina Garcia,J"]
[Result "1-0"]
[WhiteElo "2065"]
[BlackElo "2126"]

1. e4 c5 2. c3 Nf6 3. e5 Nd5 4. d4 e6 5. Nf3 cxd4 6. Qxd4 Nc6 7. Qe4 d6 8. Bb5
Bd7 9. c4 Nc7 10. exd6 Bxd6 11. O-O Qe7 12. Nc3 h6 13. Rd1 Rd8 14. Rxd6 Qxd6
15. Bf4 e5 16. Nxe5 Ne6 17. Ng6 Qd4 18. Nxh8 Qxe4 19. Nxe4 Nxf4 20. Nd6+ Kf8
21. Nhxf7 Rb8 22. Bxc6 Bxc6 23. Ne5 Rd8 24. Nxc6 Rxd6 25. Nxa7 Rd2 26. b3 Nd3
27. Nb5 Ke7 28. Nc3 Rc2 29. Nd5+ Kd6 30. Rd1 Nb2 31. Nb4+ Nxd1 32. Nxc2 Nc3
33. a3 b5 34. cxb5 Nxb5 35. f3 {#r} 1-0

[Event "TCh-CAT Gp1 2017"]
[Site "masterchessopen.com Barcelona ESP"]
[Date "2017.01.28"]
[Round "2.8"]
[White "Prat Llables,J"]
[Black "Garcia Marin,G"]
[Result "1-0"]
[WhiteElo "2138"]
[BlackElo "2052"]

1. e4 c5 2. c3 Nf6 3. e5 Nd5 4. Nf3 d6 5. d4 cxd4 6. cxd4 Nc6 7. Bc4 e6 8. O-O
Be7 9. Qe2 Bd7 10. Bxd5 exd5 11. exd6 Bg4 12. dxe7 Qd7 13. Nbd2 Nxd4 14. Qd3
Nc6 15. Nd4 Nxe7 16. N2f3 Bxf3 17. Qxf3 O-O 18. Bf4 Ng6 19. Rfe1 Qa4 20. Be3
Rfd8 21. b3 Qa5 22. a3 a6 23. b4 Qa4 24. Nf5 Rd7 25. Bd4 f6 26. h4 Rf8 27. h5
Ne5 28. Bxe5 fxe5 29. Rxe5 Qc2 30. Rae1 Rdf7 31. Qxd5 h6 32. Re8 Kh7 33. Rxf8
Rxf8 34. g4 Kh8 35. Qe5 Rg8 36. Ne7 Rd8 37. Nf5 Rg8 38. Nxh6 Rf8 39. Nf5 Rg8
40. h6 Qc4 41. hxg7+ Kh7 42. Qe4 {#r} 1-0

[Event "TCh-CAT Gp2 2017"]
[Site "masterchessopen.com Barcelona ESP"]
[Date "2017.01.28"]
[Round "2.4"]
[White "Muratet Casadevall,A"]
[Black "Escandell,J"]
[Result "1-0"]
[WhiteElo "2173"]
[BlackElo "2302"]

1. e4 c5 2. c3 Nf6 3. e5 Nd5 4. Nf3 e6 5. Bc4 d6 6. d4 cxd4 7. Bxd5 exd5 8.
cxd4 Nc6 9. O-O Be7 10. Nc3 dxe5 11. dxe5 d4 12. Nb5 d3 13. Bf4 O-O 14. Nd6
Nxe5 15. Nxe5 Bxd6 16. Qxd3 Qf6 17. Qd4 Bf5 18. Rfd1 Rfd8 19. Nxf7 Bxf4 20.
Nxd8 Be5 21. Qd5+ Kf8 22. Nxb7 Rb8 23. Re1 Bxb2 24. Rad1 Ba3 25. Re3 Be7 26.
Nc5 Rd8 27. Qf3 Rxd1+ 28. Qxd1 Bxc5 29. Rf3 h5 30. h3 {#r} 1-0

[Event "22nd HIT Open 2017"]
[Site "masterchessopen.com Nova Gorica SLO"]
[Date "2017.01.29"]
[Round "5.5"]
[White "Drazic,S"]
[Black "Jelen,Ig"]
[Result "1-0"]
[WhiteElo "2390"]
[BlackElo "2391"]

1. e4 c5 2. Nc3 Nc6 3. Bb5 Nd4 4. Bc4 e6 5. Nge2 Nf6 6. O-O d5 7. exd5 exd5 8.
Nxd5 Bd6 9. Nxd4 cxd4 10. Re1+ Kf8 11. Nxf6 Qxf6 12. Qh5 Bd7 13. d3 Rc8 14.
Bg5 Qg6 15. Qh4 Bc6 16. g3 Kg8 17. Be7 Bc7 18. Bc5 Qf5 19. Bxd4 Qf3 20. Bxf7+
Qxf7 21. Re7 Qg6 22. Rxc7 {#r} 1-0

[Event "22nd HIT Open 2017"]
[Site "masterchessopen.com Nova Gorica SLO"]
[Date "2017.02.01"]
[Round "8.10"]
[White "Dobrovoljc,Vid"]
[Black "Zuttioni,F"]
[Result "1-0"]
[WhiteElo "2297"]
[BlackElo "2203"]

1. e4 c5 2. Nc3 Nc6 3. f4 e6 4. Nf3 d5 5. Bb5 d4 6. Bxc6+ bxc6 7. Ne2 Nf6 8.
d3 Be7 9. b3 O-O 10. O-O Qc7 11. Qe1 Re8 12. h3 Nd7 13. g4 f5 14. Ng3 Nb6 15.
Bd2 fxe4 16. Nxe4 Nd5 17. Qg3 Nb4 18. Bxb4 cxb4 19. Nxd4 c5 20. Nf3 a5 21.
Rae1 a4 22. Re2 axb3 23. axb3 Ra2 24. h4 Ba6 25. Ne5 Bd6 26. g5 Rf8 27. Ref2
Bb7 28. Nc4 Be7 29. Qg4 Bc8 30. h5 Kh8 31. Ne5 Kg8 32. Rh2 Bd6 33. Nf6+ Kh8
34. Ng6+ {#r} 1-0

[Event "22nd HIT Open 2017"]
[Site "masterchessopen.com Nova Gorica SLO"]
[Date "2017.02.01"]
[Round "8.23"]
[White "Srebrnic,V"]
[Black "Riccobon,Elia"]
[Result "1-0"]
[WhiteElo "2088"]
[BlackElo "2003"]

1. e4 c5 2. Nc3 Nc6 3. f4 d6 4. Nf3 g6 5. Bb5 Bg7 6. O-O e6 7. Bxc6+ bxc6 8.
d3 Ne7 9. Qe2 Ba6 10. Nd1 O-O 11. c4 Rb8 12. Rb1 Qa5 13. b3 Rfe8 14. Qc2 Bd4+
15. Be3 Qb6 16. Qf2 d5 17. Nxd4 cxd4 18. Bxd4 Qd8 19. Nb2 Nc8 20. Na4 dxe4 21.
Nc5 Bb7 22. dxe4 Nd6 23. Be5 Qe7 24. Bxd6 Qxd6 25. e5 Qe7 26. Ne4 Kg7 27. Rbd1
Red8 28. Nd6 Ba8 29. c5 Bb7 30. Rd4 f6 31. exf6+ Qxf6 32. Qe3 Ba6 33. Re1 Rf8
34. Ra4 Bb5 35. Rxa7+ Kh8 36. a4 {#r} 1-0

[Event "Turkish Cup 2017"]
[Site "masterchessopen.com Antalya TUR"]
[Date "2017.01.30"]
[Round "4.10"]
[White "Yasin,H"]
[Black "Metin,M"]
[Result "0-1"]
[WhiteElo "2087"]
[BlackElo "2170"]

1. e4 c5 2. Nc3 Nc6 3. Nf3 g6 4. Bb5 Bg7 5. Bxc6 dxc6 6. d3 Bg4 7. Be3 b6 8.
h3 Bxf3 9. Qxf3 Nf6 10. g4 h6 11. Qg3 Qd7 12. f4 O-O-O 13. O-O-O Ne8 14. Ne2
Nc7 15. c3 Qe6 16. Kb1 Rxd3 17. Qf3 Rhd8 18. Rxd3 Rxd3 19. Nc1 Rd8 20. f5 Qc4
21. Bf4 e5 22. Bg3 gxf5 23. gxf5 Nb5 24. Bh4 f6 25. Rg1 Rd7 26. Re1 Nd6 27. b3
Qb5 28. Kc2 c4 29. Rd1 a5 30. Qg4 cxb3+ 31. axb3 a4 32. Rxd6 axb3+ 33. Kb1
Rxd6 34. Qxg7 b2 35. Qg8+ Kc7 36. Nb3 Qe2 37. Ka2 b1=Q+ 38. Kxb1 Rd1+ 39. Nc1
Qd3+ 40. Kb2 Rd2+ 41. Kb3 Qb5+ 42. Ka3 Qb2+ 43. Ka4 b5+ {#R} 0-1

[Event "37th TCh-IND 2017"]
[Site "masterchessopen.com Bhopal IND"]
[Date "2017.02.04"]
[Round "4.2"]
[White "Himanshu,Sh"]
[Black "Sekar,B"]
[Result "1-0"]
[WhiteElo "2484"]
[BlackElo "2214"]

1. e4 c5 2. Ne2 d6 3. Nbc3 Nf6 4. g3 g6 5. Bg2 Bg7 6. d4 cxd4 7. Nxd4 Bg4 8.
Nde2 Qc8 9. h3 Be6 10. Nf4 Nc6 11. Nxe6 Qxe6 12. O-O O-O 13. Re1 Rac8 14. Nd5
Qd7 15. a4 Rfe8 16. Bg5 Nxd5 17. exd5 Ne5 18. c3 Qf5 19. Be3 Nc4 20. Bc1 h5
21. Re4 Ne5 22. a5 Rc5 23. Qa4 Rec8 24. Rf4 Qd3 25. Be3 Rc4 26. Qb3 Rxf4 27.
gxf4 Qc4 28. Qxb7 Rc7 29. Qb8+ Rc8 30. Qxa7 Nd3 31. Qb7 Rc7 32. a6 {#r} 1-0

[Event "TCh-CAT Gp1 2017"]
[Site "masterchessopen.com Barcelona ESP"]
[Date "2017.01.28"]
[Round "2.6"]
[White "Leiro Giralt,D"]
[Black "Montilla Carrillo,E"]
[Result "0-1"]
[WhiteElo "2173"]
[BlackElo "2177"]

1. e4 c5 2. Nc3 Nc6 3. Nge2 e5 4. Nd5 g6 5. Nec3 a6 6. h4 h6 7. a4 d6 8. Bc4
Be6 9. d3 Bg7 10. Be3 Rb8 11. Qd2 Nd4 12. a5 Nc6 13. Ne2 Bxd5 14. Bxd5 Nf6 15.
Bc4 Ng4 16. h5 Nd4 17. Bxd4 cxd4 18. Ng3 Bf6 19. Qe2 Qd7 20. Qf3 Rf8 21. Bb3
Kd8 22. Ra4 Ke7 23. Rb4 Bg5 24. Ba4 Qe6 25. Bb3 Qd7 26. Ba4 Qe6 27. Nf5+ gxf5
28. exf5 Qa2 29. f6+ Nxf6 30. Rxb7+ Rxb7 31. Qxb7+ Nd7 32. Qxd7+ Kf6 33. O-O
Kg7 34. Bb3 Qxa5 35. Qxd6 Rd8 36. Qc6 Be7 37. Qc4 Rf8 38. f4 exf4 39. Rxf4
Qe1+ 40. Kh2 Bd6 41. Qxd4+ Be5 42. Qe4 Qxe4 {#R} 0-1